| 000 | 01108nam a22002897a 4500 | ||
|---|---|---|---|
| 999 |
_c3436 _d3436 |
||
| 003 | AR-CdUCM | ||
| 008 | 190306b ||||| |||| 00| 0 spa d | ||
| 040 |
_aMUNICIPALIDAD PROVINCIAL DEL CUSCO _cBIBLIOTECA MUNICIPAL DEL CUSCO |
||
| 041 | _heng | ||
| 082 |
_a323.4 / _bAD23 |
||
| 100 |
_aAdams, Paul _911323 |
||
| 245 |
_aLos derechos de los niños : _bhacia la liberación del niño / |
||
| 260 |
_aMéxico : _bExtemporáneos, _c1973. |
||
| 300 |
_a352 páginas ; _c20 cm. |
||
| 440 |
_aColección el viento cambia. _n12 _911324 |
||
| 505 | _aContenido:Caminando hacia un auto gobierno -- El niño, la familia y la sociedad -- Los derechos de los adolecentes -- La libertad si funciona -- El niño, la ley y el estado -- La libertad y el sistema estatal de educación -- Notas. | ||
| 650 |
_aDerecho _9739 |
||
| 650 |
_aLibertad _92892 |
||
| 650 |
_aNiños y adolecentes _911325 |
||
| 700 |
_aBerg, Leila _911326 |
||
| 700 |
_aBerger, Nan _911327 |
||
| 700 |
_aDuane, Michael _911328 |
||
| 700 |
_aNeill, A. S. _911329 |
||
| 700 |
_aOllendorff, Robert _911330 |
||
| 942 |
_2ddc _cLIBROS |
||
| 945 | _azta | ||